| 000 | 00737nam a2200205 i 4500 | ||
|---|---|---|---|
| 001 | 163974 | ||
| 003 | ES-MaACL | ||
| 005 | 20250812080617.0 | ||
| 008 | 050728s1894 fr | |||||||| ||fre d | ||
| 040 |
_aCAM _bspa _cCAM |
||
| 100 | 1 |
_aRosenthal, Léon. _999763 |
|
| 245 | 1 | 4 |
_aLes destinées de l'art social d'après P.-J. Proudhon / _cpar Léon Rosenthal. |
| 260 |
_aParis : _bV. Giard et E. Briere, _c1894. |
||
| 300 |
_a15 p. ; _c25 cm. |
||
| 600 | 0 | 4 |
_aProudhon, Pierre-Joseph. _994052 |
| 650 | 7 |
_aArte y sociedad _2embne _9177489 |
|
| 852 |
_aES-MaACL _jT-748-F-1 _z-- Enc. hol., conservando la enc. original _z-- Donativo del Sr. Azcárate _z-- Enc. en un vol. facticio |
||
| 942 | _2udc | ||
| 999 |
_c163974 _d163974 |
||